Использование взрыва при строительстве сооружений на водонасыщенных грунтах

Detaylı Bibliyografya
Yazar: Смирнов А. Г. Альберт Германович
Diğer Yazarlar: Биржишкис И. С. Ионас Стасевич
Dil:Rusça
Baskı/Yayın Bilgisi: Москва, Недра, 1984
Konular:
Materyal Türü: MixedMaterials Kitap
KOHA link:https://koha.lib.tpu.ru/cgi-bin/koha/opac-detail.pl?biblionumber=282362

MARC

LEADER 00000nam0a2200000 4500
001 282362
005 20231101235506.0
035 |a (RuTPU)RU\TPU\book\306247 
090 |a 282362 
100 |a 20150130d1984 k y0rusy50 ca 
101 0 |a rus 
102 |a RU 
105 |a a z 001zy 
200 1 |a Использование взрыва при строительстве сооружений на водонасыщенных грунтах  |f А. Г. Смирнов, И. С. Биржишкис 
210 |a Москва  |c Недра  |d 1984 
215 |a 216 с.  |c ил. 
320 |a Библиогр.: с. 214-215 
606 |a Взрыв в грунте  |x Строительство  |2 stltpush  |3 (RuTPU)RU\TPU\subj\2362  |9 30941 
610 1 |a болотные грунты 
610 1 |a выторфовывание 
610 1 |a водонасыщенные грунты 
610 1 |a технология 
610 1 |a расчет 
610 1 |a схемы 
610 1 |a насыпи 
610 1 |a сооружения 
675 |a 624.132.35  |v 3 
700 1 |a Смирнов  |b А. Г.  |g Альберт Германович 
701 1 |a Биржишкис  |b И. С.  |g Ионас Стасевич 
801 1 |a RU  |b 63413507  |c 20150130 
801 2 |a RU  |b 63413507  |c 20170629  |g RCR 
942 |c BK